00498nam a2200193 a 4500001001300000003000900013005001700022008004100039020001000080082001500090100001900105245005800124260003400182300000800216500003500224505001000259650001600269700001900285nice12345678IN_TiNIC20260116012213.0050524s1970 bana grp 000 0 urd  ac10000a294.5bJAZ aJazb, Alampuri aMahatma Bisweshwerb Wachan Amrit Yani Aqwal-E-Shirin aBangalorebBaswa Samitic1970 a42p aincludes index and biblioraphy2 aIndex aHindu Hymns1 aJazb, Alampuri